Werther

Tallennettuna:
Bibliografiset tiedot
Päätekijä: Goethes, J.W
Aineistotyyppi: Kirja
Kieli:Undetermined
Julkaistu: Navarra, España Salvat 1971
Aiheet:
Tagit: Lisää tagi
Ei tageja, Lisää ensimmäinen tagi!

MARC

LEADER 00000nam a2200000Ia 4500
008 170316s9999 xx 000 0 und d
020 |a 553-1971 
040 |a cru BVZT 
090 |a 830 G-4we 
100 |a Goethes, J.W. 
245 |a Werther   |c  J.W. Goethe 
260 |a Navarra, España 
260 |b Salvat 
260 |c 1971 
300 |a 175 páginas 
630 |l Alemán 
650 |a LITERATURA ALEMANA 
650 |a NOVELA ROMÁNTICA 
650 |a GOETHES 
999 |c 7338  |d 7338 
942 |c LIB  |h 830 G-4we  |2 z